00868cam a22002654a 45000010009000000050017000090080041000260100017000670200028000840350023001120400044001350410008001790420008001870430012001950800017002070820021002241000007002451010008002522450088002605040064003489060045004129420012004579990017004699520116004861431710420180201040524.0060327s2006 nhu b 001 0 eng  a 2006010218 a0325008353 (alk. paper) a(OCoLC)ocm65521489 aDLCcDLCdYDXCPdBAKERdOCLCQdIXAdDLC aeng apcc an-us--- a372.48 MUR00a372.48 MUR2221 a45 aEDU10aScientific reading assessment :cMaryann Manning, Shelly Chumley, Clark Underbakke. aIncludes bibliographical references (p. 147-154) and index. a7bcbccorignewd1eecipf20gy-gencatlg 2ddccBK c41470d41470 00102ddc40708PËKGa002b002cPËKGd2018-02-01l0o372.48 MURp002-2997778r2018-02-01w2018-02-01yBK